00763cam a2200181Ii 4500020001800000020001500018040001000033082002600043100002500069245011100094300006300205490004400268500012400312650002300436650002200459650003900481710006100520 a9789251079928 a9251079927 cBTCTA a333 ROS 2014 A079 Or.1 aRosenberg, Andrew A.10aDeveloping new approaches to global stock status assessment and fishery production potential of the seas / axi, 175 pages :bcolor illustrations, color maps ;c30 cm.1 aFAO Fisheries and aquaculture circular, aCompilation of a study on wild capture fish stock, commissioned by the Fisheries and Aquaculture Department of the FAO. 0aFishery resources. 0aFish populations. 0aFishery management, International.2 aFood and Agriculture Organization of the United Nations.